| 000 | 00894nam a2200229Ia 4500 | ||
|---|---|---|---|
| 003 | GCL | ||
| 008 | 140319s9999 xx 000 0 ara d | ||
| 040 |
_aGCL / _cGCL |
||
| 082 | 0 | 4 |
_a418.02 _bا ت |
| 100 | 1 | _aحسن الشريف | |
| 245 | 1 | 0 |
_aالترجمة فى الوطن العربى نحو انشاء مؤسسة عربية للترجمة : _bبحوث ومناقشات الندوة الفكرية التى نظمها مركز دراسات الوحدة العربية / _cحسن الشريف |
| 700 | 1 | _aاسامة الخولى | |
| 250 | _aالاولى | ||
| 260 |
_aالقاهرة : _bمركز دراسات الوحدة العربية ، _c2000 |
||
| 300 |
_a414 ص ؛ _c24 سم |
||
| 650 | 0 | 4 | _aالمترجمات |
| 650 | 0 | 4 | _aاللغات |
| 650 | 0 | 4 | _aالترجمة |
| 650 | 0 | 4 | _aالتعريب والترجمة |
| 650 | 0 | 4 | _aالترجمة الالية |
| 942 |
_2ddc _cBK |
||
| 999 |
_c6818 _d6818 |
||